<?xml version="1.0" encoding="UTF-8"?>
<record
    xmlns:xsi="http://www.w3.org/2001/XMLSchema-instance"
    xsi:schemaLocation="http://www.loc.gov/MARC21/slim http://www.loc.gov/standards/marcxml/schema/MARC21slim.xsd"
    xmlns="http://www.loc.gov/MARC21/slim">

  <leader>00785nam a2200193Ia 4500</leader>
  <controlfield tag="005">20240530110953.0</controlfield>
  <controlfield tag="008">140319s1995    xx            000 0 ara d</controlfield>
  <datafield tag="040" ind1=" " ind2=" ">
    <subfield code="a">GCL / </subfield>
    <subfield code="c">GCL</subfield>
  </datafield>
  <datafield tag="082" ind1="0" ind2="4">
    <subfield code="a">658 / </subfield>
    <subfield code="b">&#x633; &#x627;</subfield>
  </datafield>
  <datafield tag="100" ind1="1" ind2=" ">
    <subfield code="a">&#x633;&#x639;&#x64A;&#x62F; &#x64A;&#x633; &#x639;&#x627;&#x645;&#x631;</subfield>
  </datafield>
  <datafield tag="245" ind1="1" ind2="0">
    <subfield code="a">&#x627;&#x644;&#x627;&#x62F;&#x627;&#x631;&#x629; &#x648;&#x633;&#x631;&#x639;&#x629; &#x627;&#x644;&#x62A;&#x63A;&#x64A;&#x64A;&#x631;  / </subfield>
    <subfield code="c">&#x633;&#x639;&#x64A;&#x62F; &#x64A;&#x633; &#x639;&#x627;&#x645;&#x631;</subfield>
  </datafield>
  <datafield tag="260" ind1=" " ind2=" ">
    <subfield code="a">&#x627;&#x644;&#x642;&#x627;&#x647;&#x631;&#x629; : </subfield>
    <subfield code="b">&#x645;&#x631;&#x643;&#x632; &#x648;&#x627;&#x64A;&#x62F; &#x633;&#x64A;&#x631;&#x641;&#x64A;&#x633; &#x644;&#x644;&#x627;&#x633;&#x62A;&#x634;&#x627;&#x631;&#x627;&#x62A; &#x648;&#x627;&#x644;&#x62A;&#x637;&#x648;&#x64A;&#x631; &#x627;&#x644;&#x627;&#x62F;&#x627;&#x631;&#x649; &#x60C; </subfield>
    <subfield code="c">1995</subfield>
  </datafield>
  <datafield tag="300" ind1=" " ind2=" ">
    <subfield code="a">695 &#x635;&#x61B;</subfield>
    <subfield code="c">24 &#x633;&#x645;</subfield>
  </datafield>
  <datafield tag="504" ind1=" " ind2=" ">
    <subfield code="a">&#x627;&#x644;&#x645;&#x624;&#x62A;&#x645;&#x631; &#x627;&#x644;&#x633;&#x646;&#x648;&#x649; &#x627;&#x644;&#x62E;&#x627;&#x645;&#x633; 
&#x641;&#x643;&#x631;&#x62C;&#x62F;&#x64A;&#x62F; &#x62A;&#x62C;&#x631;&#x628; &#x631;&#x627;&#x626;&#x62F;&#x629; &#x62F;&#x639;&#x648;&#x629; &#x635;&#x627;&#x62F;&#x642;&#x629; 
&#x627;&#x644;&#x627;&#x62F;&#x627;&#x631;&#x629; &#x648;&#x633;&#x631;&#x639;&#x629; &#x627;&#x644;&#x62A;&#x63A;&#x64A;&#x64A;&#x631; </subfield>
  </datafield>
  <datafield tag="650" ind1="0" ind2="4">
    <subfield code="a">&#x627;&#x644;&#x627;&#x62F;&#x627;&#x631;&#x629;</subfield>
  </datafield>
  <datafield tag="650" ind1="0" ind2="4">
    <subfield code="a">&#x627;&#x62A;&#x641;&#x627;&#x642;&#x64A;&#x629; &#x627;&#x644;&#x62C;&#x627;&#x62A;</subfield>
  </datafield>
  <datafield tag="942" ind1=" " ind2=" ">
    <subfield code="2">ddc</subfield>
    <subfield code="c">BK</subfield>
  </datafield>
  <datafield tag="999" ind1=" " ind2=" ">
    <subfield code="c">67045</subfield>
    <subfield code="d">67045</subfield>
  </datafield>
  <datafield tag="952" ind1=" " ind2=" ">
    <subfield code="0">0</subfield>
    <subfield code="1">0</subfield>
    <subfield code="4">0</subfield>
    <subfield code="7">0</subfield>
    <subfield code="a">CAI</subfield>
    <subfield code="b">CAI</subfield>
    <subfield code="c">&#x627;&#x644;&#x625;&#x62F;&#x627;&#x631;&#x629;-&#x639;&#x631;&#x628;&#x649;</subfield>
    <subfield code="d">2022-12-19</subfield>
    <subfield code="l">0</subfield>
    <subfield code="o">658 /  &#x633; &#x627;</subfield>
    <subfield code="p">169069</subfield>
    <subfield code="r">2022-12-19 00:00:00</subfield>
    <subfield code="w">2022-12-19</subfield>
    <subfield code="y">BK</subfield>
  </datafield>
  <datafield tag="952" ind1=" " ind2=" ">
    <subfield code="0">0</subfield>
    <subfield code="1">0</subfield>
    <subfield code="4">0</subfield>
    <subfield code="7">0</subfield>
    <subfield code="a">CAI</subfield>
    <subfield code="b">CAI</subfield>
    <subfield code="c">&#x627;&#x644;&#x625;&#x62F;&#x627;&#x631;&#x629;-&#x639;&#x631;&#x628;&#x649;</subfield>
    <subfield code="d">2022-12-19</subfield>
    <subfield code="l">0</subfield>
    <subfield code="o">658 /  &#x633; &#x627;</subfield>
    <subfield code="p">169070</subfield>
    <subfield code="r">2022-12-19 00:00:00</subfield>
    <subfield code="w">2022-12-19</subfield>
    <subfield code="y">BK</subfield>
  </datafield>
</record>
